• 首页
  • 本馆介绍
  • 公告通知
  • 最新文献
  • 馆藏检索
  • 电子资源
  • 读者导购
  • 参考咨询
  • 我的图书馆
  • 登录
  • 详细信息显示
  • 放入我的书架
  • 预约/预借图书
  • 作者相关作品
  • 分类相关作品
  • 丛书相关作品
  • 出版社相关作品

书目信息

  • 表格格式
  • 工作单格式
  • 卡片格式
题名:
色彩画教程
    
 
作者: 贾京生 , 唐应山 编著
分册:  
出版信息: 南宁   广西美术出版社  1996.3
页数: 130,40页
开本: 26cm
丛书名:
单 册:
中图分类: J206.3
科图分类:
主题词: 绘画理论--色彩学
电子资源:
ISBN: 7-80625-032-8
000 00630nam0 2200217 45
001 0003061091
005 20041108103205.8
010    @a7-80625-032-8@dCNY19.00
100    @a20000306d1996 km y0chiy0120 ea
101    @achi
105    @aa z 000yy
200 1  @a色彩画教程@ASe Cai Hua Jiao Cheng@f贾京生,唐应山编著@FJia Jing Sheng,Tang Ying Shan Bian Zhu
210    @a南宁@c广西美术出版社@d1996.3
215    @a130,40页@c彩图@d26cm
300    @a附画例
606 0  @a绘画理论@x色彩学
690    @aJ206.3@v1
701  0 @a贾京生@4编著
701  0 @a唐应山@4编著
801    @aCN@bTSTC@c20000308
905    @dJ206.3@e142@f4@b285500-503
    
    色彩画教程/贾京生,唐应山编著.-南宁:广西美术出版社,1996.3
    130,40页:彩图;26cm
    附画例
    
    ISBN 7-80625-032-8:CNY19.00
    
●
相关链接 在E读中查询图书 在五车中查询图书 在当当中查询图书 在豆瓣中查询图书


正题名:色彩画教程     索取号:J206.3/142         预约/预借

序号 登录号 条形码 馆藏地/架位号 状态 备注
1 0285500   002855002   第一借阅区/ [索取号:J206.3/142] 在馆    
2 0285501   002855011   第一借阅区/ [索取号:J206.3/142] 在馆    
3 0285502   002855020   第一借阅区/ [索取号:J206.3/142] 在馆    
4 0285503   002855039   第一借阅区/ [索取号:J206.3/142] 在馆    
5 0285504   002855048   第一借阅区/ [索取号:J206.3/142] 在馆    
6 0285505   002855057   第一样本阅览室/ [索取号:J206.3/142] 在馆    
唐山师范学院图书馆 欢迎您!
大连网信软件有限公司© 版权所有